| 000 | 00485nam a2200157 i 4500 | ||
|---|---|---|---|
| 001 | 99782 | ||
| 003 | ES-MaACL | ||
| 007 | t| | ||
| 008 | 050915s1982 sp ||||1| spa d | ||
| 100 | 1 |
_aMartínez-Maldonado, Manuel. _978198 |
|
| 245 | 1 | 0 |
_aTratado de nefrología / _cM. Martínez Maldonado, J. L. Rodicio. |
| 260 |
_aBarcelona : _bSalvat, _c1982. |
||
| 300 |
_aXXII, 1087 p. : _bil. ; _c27 cm. |
||
| 700 | 1 |
_aRodicio Díaz, José Luis. _998137 |
|
| 852 |
_aES-MaACL _jL-6081 _bR.106770 |
||
| 999 |
_c99782 _d99782 |
||